Cambio alimentario e identidad de los indígenas mexicanos /

Obra en que se rastrean los cambios que ha sufrido la dieta de las comunidades indígenas en México, tanto como un rasgo de identidad o diferenciación social, como desde la perspectiva nutricional. En el primer caso, puede usarse para reafirmar la pertenencia a un grupo o que se ha dejado de pertenec...

Ausführliche Beschreibung

Gespeichert in:
Bibliographische Detailangaben
1. Verfasser: Bertran Vilá, Miriam (autor)
Format: Buch
Sprache:Spanisch
Veröffentlicht: México : UNAM, Programa Universitario México Nación Multicultural, 2005, c2005
Schriftenreihe:(La Pluralidad Cultural en México ; 8)
Schlagworte:
Tags: Tag hinzufügen
Keine Tags, Fügen Sie das erste Tag hinzu!

MARC

LEADER 00000nam^a2200000^a^4500
001 000193515
005 20250521000000.0
009 20260310102643.922
020 |a 970-32-1679-X 
037 |a Acervo ITESO - Biblioteca 
041 |a ESP 
082 |a 641. 0972  |b BER 
100 |a Bertran Vilá, Miriam  |e (autor) 
245 1 0 |a Cambio alimentario e identidad de los indígenas mexicanos /  |c M. Bertran Vilá. 
264 4 |a México :  |b UNAM, Programa Universitario México Nación Multicultural,  |c 2005, c2005 
300 |a 117 p. 
336 |a texto  |b txt  |2 rdacontenido 
337 |a sin mediación  |b n  |2 rdamedio 
338 |a volumen  |b nc  |2 rdasoporte 
440 4 |a (La Pluralidad Cultural en México ;  |v 8) 
520 |a Obra en que se rastrean los cambios que ha sufrido la dieta de las comunidades indígenas en México, tanto como un rasgo de identidad o diferenciación social, como desde la perspectiva nutricional. En el primer caso, puede usarse para reafirmar la pertenencia a un grupo o que se ha dejado de pertenecer a él; en el segundo, representa un problema que lejos de aliviar la desnutrición ha dado paso a trastornos de la alimentación, tales como la obesidad y las enfermedades asociadas con ella. 
649 |a XX 
650 |a Indígenas de México -  |x Condiciones Sociales y Culturales 
650 |a Diferencia y Otredad -  |z México 
650 |a Pertenencia Social -  |z México 
650 |a Grupos Sociales -  |z México 
650 |a Identidad Cultural -  |z México -  |x Tema Principal 
650 |a Obesidad -  |z México 
650 |a Desnutrición -  |z México 
650 |a Trastornos de la Alimentación -  |z México 
650 |a Alimentos y Bebidas -  |z México -  |x Hábitos -  |x Tema Principal 
650 |a Dieta -  |z México -  |x Aspectos Sociales y Culturales 
650 |a Nutrición -  |z México -  |x Aspectos Sociales y Culturales 
650 |a Prácticas Culturales -  |z México 
650 |a Cambios Sociales y Culturales -  |z México 
650 |a Sociología de la Cultura 
910 |a Fondo General 
920 |a Impresos - Libros 
930 |a Colección General 
905 |a 101 
901 |a 0500138394  |b IT1  |c ACC  |u 20250521 
902 |a https://opac.biblio.iteso.mx/vufind/Record/000193515